Hodnotný obsah – inovatívny marketingový nástroj

Content marketing ako trend dnešnej doby. Formy obsahového marketingu (blog, white papers, e-kniha, videozáznam, článok, newsletter, webinár). Procesy obsahového marketingu. Prínosy a nevýhody content marketingu.

Salvato in:
Dettagli Bibliografici
Autore principale: Naščáková, Jana
Altri autori: Danková, Lenka, 1993-
Natura: Capitolo di libro
Lingua:slovacco
Soggetti:
Tags: Aggiungi Tag
Nessun Tag, puoi essere il primo ad aggiungerne!!

MARC

LEADER 00000nla a2200000 4500
001 0237550
005 20250923124846.0
041 0 |a slo 
044 |a SK 
245 1 0 |a Hodnotný obsah – inovatívny marketingový nástroj  |c Jana Naščáková, Lenka Danková 
520 |a Content marketing ako trend dnešnej doby. Formy obsahového marketingu (blog, white papers, e-kniha, videozáznam, článok, newsletter, webinár). Procesy obsahového marketingu. Prínosy a nevýhody content marketingu. 
610 2 0 |a marketing 
610 2 0 |a marketing inovatívny 
610 2 0 |a obsah 
610 2 0 |a stratégia marketingová 
610 2 0 |a nástroje marketingové 
610 2 0 |a inovácia 
100 1 |a Naščáková, Jana 
700 1 |a Danková, Lenka, 1993-